00682 a2200193 4500001000700000020001800007020001300025041000800038082001000046100001900056300001100075490003200086520024200118521001100360856002400371040002500395245003900420260002900459118999 a9781407171241 q(broch.) aeng a[Fic] aCoe, Catherine a112 p. aThe Unicors of Blossom Wood aIsabelle, Cora and Lei find themselves whisked away to a magical land where they're no longer girls but unicorns! Join them on their adventures in Blossom Wood as they make new animal friends and learn to use their special unicorn magic! aYear 3 u000033/00003398.jpg aBR-BrIDEAcBR-BrIDEA10aStorms and rainbowscCatherine Coe aLondonbScholasticc2017